| 000 | 00513nam a2200193Ia 4500 | ||
|---|---|---|---|
| 999 |
_c66433 _d66433 |
||
| 003 | 0100 | ||
| 005 | 20180925144903.0 | ||
| 008 | 130303s9999 xx 000 0 und d | ||
| 040 | _cARRUPELIB | ||
| 050 | _aBL2470.Z3M994 | ||
| 100 |
_aMwewa, Stephen Kapita _942563 |
||
| 245 | _aTraditional Zambian Eschatology and ethics confronting the advent oc Christianity | ||
| 260 |
_aZambia _c1997 |
||
| 300 | _a289p. | ||
| 300 | _b 22cm | ||
| 650 |
_aZambia _xReligion _926423 |
||
| 650 |
_aZambia _xReligious life and ceremonies _942564 |
||
| 650 |
_aZambia _xEthics _942565 |
||
| 942 |
_2lcc _cMONOGRAPH |
||